000 03728nam a2200337 4500
003 OSt
005 20240626094114.0
007 cr ||||||a|c|a
008 240624s2021 mx adb|fom||| 001 0 spa d
040 _erda
100 1 _9189251
_aBecerra Durán, Luis Alejandro
245 1 _aDiagnóstico, dispersión y manejo para la marchitez en ramas de aguacate ( Persea americana Mill.) en la Trinitaria, Chiapas /
_cpor Luis Alejandro Becerra Durán; director Manuel Alejandro Tejeda Reyes; secretario Erick Acuayte Valdés; vocal Alejandro F. Barrientos Priego; suplente Jaime Alfredo Urzúa Gutiérrez; suplente Calixto Leopoldo Carrillo Fonseca
264 1 _aChapingo, México :
_bEl autor,
_c2021.
300 _a1 recurso en línea (49 páginas):
_bIlustraciones, cuadros, fotos, gráficas, mapas
336 _2rdacontent
_atexto
_btxt
337 _2rdamedia
_acomputadora
_bc
338 _2rdacarrier
_arecurso en línea
_bcr
502 _bIAEPA
_cParasitología
_gLIC
504 _aIncluye referencias bibliográficas: páginas 35-38
520 _aEn México el aguacate ocupa el segundo lugar en los productos agroalimentarios de mayor exportación. Además, aporta el 48 % de las exportaciones mundiales de este fruto, ocupando el primer lugar en el ranking. Las expectativas del cultivo han ocasionado el incremento en la superficie nacional. Chiapas del 2012 al 2017 presentó un crecimiento en su producción de 6,148 a 12,009 toneladas anuales. Sin embargo, el aspecto fitosanitario ocasiona pérdidas económicas significativas. Por ello es necesario generar información de plagas que no están presentes en el país, pero representan un riesgo inminente para la producción nacional de guacate, tales como los escarabajos de ambrosia, presentes en Estados Unidos. En Chiapas se reportó por técnicos un problema fitosanitario no identificado, debido a la carencia de antecedentes en el país. Los síntomas se describen como una decoloración atípica de hojas tornándose de verde, amarillo, café claro, beige a marrón. Dicho síntoma presente de manera localizada en ramas específicas, sin verse comprometida la integridad del resto del árbol. La invasión de haces vasculares se observa como una coloración descendiente en el duramen de la rama, por ende, el hongo es introducido por algún vector en alguna parte de la rama. Las perforaciones superficiales de la rama se identificaron como orificios de entrada de Scolytinae, se observó un exudado de color blanquecino y polvo de aserrín, lo cual indica que el agente responsable no se alimenta de madera, únicamente elimina este residuo durante la construcción de galerías en las que habita, siendo el vector de Fusarium sp, el cual se presenta de manera prominente como un crecimiento micelial de color blanco. En el presente trabajo se identificó morfológicamente y por sintomatología a la marchitez de ramas de aguacate como el complejo ambrosial Microcorthylus sp. – Fusarium sp., se elaboró una propuesta de manejo para reducir el impacto que pueda tener sobre la agricultura local y nacional.
650 4 _92543
_aAguacate
_xPlagas
650 4 _92511
_aAguacate
_xEnfermedades por hongos
650 4 _9131720
_aHongos fitopatógenos
_xIdentificación
700 1 _9112025
_aTejeda Reyes, Manuel Alejandro
_edirector de tesis
700 1 _9751
_aAcuayte Valdes, Erik
_esecretario
700 1 _910489
_aBarrientos Priego, Alejandro F.
_evocal
700 1 _9117018
_aUrzúa Gutiérrez, Jaime Alfredo
_esuplente
700 1 _919482
_aCarrillo Fonseca, Calixto Leopoldo
_esuplente
856 _uhttp://10.13.5.2/tesis/tl/2021_PA_Becerra_Duran_LuisAlejandro.pdf
_zDESCARGAR PDF
942 _2Clasificación Universidad Autónoma Chapingo
_cTD
999 _c220020
_d220020